000 00683am a2200253a 44500
003 AR-BaBNM
005 20251128203106.0
008 277019s1961 #AR|||||||||||000 | spa||
040 _cAR-BaBNM
100 1 _aDolléans, Edouard
245 1 0 _aHistoria del movimiento obrero
_b1871-1920. 2
260 _aBuenos Aires
_bEudeba
_c1961
300 _a341 p.
_btablas
490 0 _aTemas. Ciencias sociales
650 4 _aSINDICATOS
650 4 _aSINDICALISMO
650 4 _aDERECHOS SINDICALES
650 4 _aMOVIMIENTO OBRERO
650 4 _aRELACIONES LABORALES
650 4 _aHISTORIA SOCIAL
700 1 _aAbad de Santillán, Diego
_etraductor
942 _cBK
998 _cmariana
999 _c1852
_d1852